| 000 | 00690nam a2200205 a 4500 | ||
|---|---|---|---|
| 001 | 000034189 | ||
| 003 | OSt | ||
| 005 | 20201117114804.0 | ||
| 008 | 110927s1910 dr 000 0 spa d | ||
| 040 |
_aDO-SdBNP _bspa _cBNPHU |
||
| 082 | 4 |
_a373.19 _bE74n |
|
| 245 | 0 | 0 |
_aEscuela normal de la Vega : _bprograma instrucciones, reglamento. |
| 260 |
_a[Santo Domingo] : _bImp. de Jesús Martínez B., _c1910. |
||
| 300 |
_a41 p. ; _c23 cm. |
||
| 590 | _aInventariado, 2018 /LP | ||
| 610 | 2 | 4 |
_aEscuela Normal de La Vega _xCurrículo _977276 |
| 650 | 4 |
_aEscuelas normales _zRepública Dominicana _zConcepción de la Vega _977277 |
|
| 910 | _aValidado. Control de calidad MFF | ||
| 942 |
_2ddc _cLBS1 |
||
| 999 |
_c33680 _d33680 |
||